书目信息 |
| 题名: |
全国硕士研究生入学考试辅导教程
|
|
| 作者: | 黄丽平 , 卢明 , 童武 主编 | |
| 分册: | 数学 | |
| 出版信息: | 北京 中国经济出版社 2009.06 |
|
| 页数: | 586页 | |
| 开本: | 26cm | |
| 丛书名: | ||
| 单 册: | ||
| 中图分类: | O1 , O13 | |
| 科图分类: | ||
| 主题词: | 高等数学--gao deng shu xue--研究生--入学考试--升学参考资料 , 数学 | |
| 电子资源: | ||
| ISBN: | 978-7-5017-9155-2 | |
| 000 | 01107nam0 2200313 450 | |
| 001 | 012009219015 | |
| 005 | 20091217142759.10 | |
| 010 | @a978-7-5017-9155-2@dCNY60.00 | |
| 100 | @a20091127d2009 em y0chiy0120 ea | |
| 101 | 0 | @achi |
| 102 | @aCN@b110000 | |
| 105 | @aak z 000yy | |
| 106 | @ar | |
| 200 | 1 | @a全国硕士研究生入学考试辅导教程@Aquan guo shuo shi yan jiu sheng ru xue kao shi fu dao jiao cheng@i数学@i理工类@f黄丽平, 卢明, 童武主编@Fhuang li ping,lu ming,tong wu zhu bian |
| 210 | @a北京@c中国经济出版社@d2009.06 | |
| 215 | @a586页@c图@d26cm | |
| 300 | @a全国硕士研究生入学考试辅导用书 | |
| 330 | @a本书分为高等数学(微积分)、线性代数、概率论与数理统计三大块。书中整合、归纳了许多适用的、快捷的解题方法。 | |
| 517 | 1 | @a数学@Ashu xue |
| 517 | 1 | @a理工类@Ali gong lei |
| 606 | 0 | @a高等数学@Agao deng shu xue@x研究生@x入学考试@j升学参考资料 |
| 606 | 0 | @a数学 |
| 690 | @aO1@v4 | |
| 690 | @aO13@v4 | |
| 701 | 0 | @a黄丽平@Ahuang li ping@4主编 |
| 701 | 0 | @a卢明@Alu ming@4主编 |
| 701 | 0 | @a童武@Atong wu@4主编 |
| 801 | 0 | @aCN@bQSSK@c20091217 |
| 905 | @b766435-39@dO1@eH850@f5 | |
| 全国硕士研究生入学考试辅导教程.数学.理工类/黄丽平, 卢明, 童武主编.-北京:中国经济出版社,2009.06 |
| 586页:图;26cm |
| 全国硕士研究生入学考试辅导用书 |
| ISBN 978-7-5017-9155-2:CNY60.00 |
| 本书分为高等数学(微积分)、线性代数、概率论与数理统计三大块。书中整合、归纳了许多适用的、快捷的解题方法。 |
| ● |
| 相关链接 |
|
|
|
正题名:全国硕士研究生入学考试辅导教程
索取号:O1/H850
 
预约/预借
| 序号 | 登录号 | 条形码 | 馆藏地/架位号 | 状态 | 备注 |
| 1 | 766435 | 207664357 | 社科二线400B/400B社科库 8排1列1层/ [索取号:O1/H850] | 在馆 | |
| 2 | 766436 | 207664366 | 自科库401/401自科库 105排1列3层/ [索取号:O1/H850] | 在馆 | |
| 3 | 766437 | 207664375 | 自科库401/401自科库 106排4列5层/ [索取号:O1/H850] | 在馆 | |
| 4 | 766438 | 207664384 | 期刊室512/401自科库 105排1列3层/ [索取号:O1/H850] | 在馆 | |
| 5 | 766439 | 207664393 | 自科库401/401自科库 106排4列5层/ [索取号:O1/H850] | 在馆 |